The Two gentlemen of Verona, 1763.

שמור ב:
מידע ביבליוגרפי
מחבר ראשי: Shakespeare, William, 1564-1616
מחברים אחרים: Victor, Benjamin, d. 1778
פורמט: ספר
שפה:English
יצא לאור: London : Cornmarket Press, 1969.
LEADER 00836nam a22002291 4500
001 c000194152
003 CARM
005 20021204080000.0
008 851003r19691763enk 00000 eng d
019 1 |a 3961377 
100 1 |a Shakespeare, William,  |d 1564-1616. 
240 1 0 |a Two Gentlemen of Verona.  |f 1763 
245 0 4 |a The Two gentlemen of Verona, 1763. 
260 |a London :  |b Cornmarket Press,  |c 1969. 
300 |a 55 p. 
500 |a Facsim. of the 1763 ed. 
500 |a Altered, with additions, from the Shakespeare, by B.Victor. 
700 1 |a Victor, Benjamin,  |d d. 1778. 
852 8 |b CARM  |h A2:AK29A0  |i A03085  |p 0287801  |f BK 
082 0 4 |a 822.33-R1 
999 f f |i 3610cdb2-1e72-5ac2-880d-9dbaba4f0fb5  |s b62487b6-83f3-5379-957e-af20e17f277e 
952 f f |p Can circulate  |a CAVAL  |b CAVAL  |c CAVAL  |d CARM 1 Store  |e A03085  |f A2:AK29A0  |h Other scheme  |i book  |m 0287801